The World's 50 Largest Cities by Letter - Q - Statistics

General Stats
  • This quiz has been taken 770 times
  • The average score is 9 of 50
Answers on the Map
Answers color-coded by a green-red scale on the quiz's map according to % correct below.
 
Answer Stats
# Population Country Urban Area % Correct
36 217,620 China Quxian
100%
3 2,862,313 Ecuador Quito
94%
11 880,875 Canada Québec City
88%
35 218,372 China Qixian
80%
44 167,224 China Qingxian
74%
2 4,962,701 China Qingdao
68%
5 1,201,158 Iran Qom
64%
7 999,640 Pakistan Quetta
48%
4 1,594,212 Mexico Querétaro
43%
1 6,501,992 China Quanzhou
29%
8 979,331 China Qiqihar
26%
17 488,321 Guatemala Quetzaltenango
19%
9 931,340 China Quzhou
19%
28 264,498 Egypt Qena
16%
6 1,031,832 China Qinhuangdao
15%
14 619,395 China Qingzhou
14%
10 903,901 China Qingyuan
12%
21 395,124 Mozambique Quelimane
12%
23 328,781 China Qinzhou
9%
12 831,107 China Qujing
7%
20 402,748 Iran Qazvin
6%
13 827,019 China Qufu
6%
22 360,895 Vietnam Quy Nhơn
5%
31 252,480 Syria Qamishli
4%
25 277,930 China Qidong (Hunan)
4%
16 528,899 China Qidong (Jiangsu)
4%
32 250,305 China Qingyang
4%
15 570,641 China Qitaihe
4%
39 193,692 Ecuador Quevedo
4%
45 167,177 China Qinyang
3%
38 200,507 China Qionghai
3%
42 177,820 China Qiyang
3%
46 167,080 Saudi Arabia Qurayyat
3%
43 170,029 China Quyang
3%
33 223,572 Iran Qa'em Shahr
2%
47 158,946 Pakistan Qambar
2%
18 456,703 Iran Qarchak - Varamin
2%
49 154,539 China Qianjiang (Chongqing)
2%
40 190,825 China Qianjiang (Hubei)
2%
30 254,734 China Qijiang
2%
19 407,807 Vietnam Quảng Ngãi
2%
37 208,031 Iraq Qurnah
2%
29 258,377 China Qian'an
1%
41 179,949 China Qianxi
1%
34 218,976 China Qihe
1%
26 265,566 China Qinghe
1%
24 278,489 China Qingtian
1%
27 265,042 China Qionglai
1%
50 152,985 Uzbekistan Quva
1%
48 157,267 China Quanjiao
0%
No matching quizzes found
Score Distribution
Percent of People with Each Score
Percentile by Number Answered
Your Score History
You have not taken this quiz